Biblioteca y Centro de Documentación

Vista normal Vista MARC

Entrada Nombre corporativo

Número de registros utilizados en: 2

001 - NÚMERO DE CONTROL

  • Campo de control: 38648

003 - IDENTIFICADOR DE NÚMERO DE CONTROL

  • Campo de control: ES-MaCES

005 - FECHA Y HORA DE LA ULTIMA MODIFICACION

  • Campo de control: 20171024113545.0

008 - ELEMENTOS DE DATOS DE LONGITUD FIJA

  • Campo de longitud fija: 171024|| azz||aabn | a|a d

040 ## - FUENTE DE LA CATALOGACIÓN

  • Agencia original de catalogación: ES-MaCES

110 1# - ENCABEZAMIENTO--NOMBRE CORPORATIVO

  • Nombre corporativo o de jurisdicción como elemento de entrada: España
  • Título de una obra: Ley de creación de la Comisión Nacional de los Mercados y la Competencia
  • Lugar de reunión o firma del tratado: 2013

670 ## - FUENTE DE DATOS ENCONTRADOS

  • Fuente de citación: Ley 3/2013 de 4 de junio (BOE nº 134 de 5 de junio)
© CES, Consejo Económico y Social de España 2021